DC Ultimate Name Game - Statistics

General Stats
  • This quiz has been taken 50 times
    37 since last reset
  • The average score is 22 of 30
Answer Stats
Hint Answer % Correct
Wayne Bruce
100%
Kent Clark
97%
Allen Barry
93%
Grayson Dick
86%
Luthor Lex
86%
Jordan Hal
83%
Todd Jason
83%
Gordon Jim
83%
Queen Oliver
83%
Drake Tim
83%
Gordon Barbara
79%
Prince Diana
79%
Quinzel Harleen
79%
Dent Harvey
79%
Kyle Selina
76%
Stone Victor
76%
Fries Victor
76%
West Wally
76%
Curry Arthur
72%
Lane Lois
72%
Nigma Edward
69%
Olsen Jimmy
69%
Cobblepot Oswald
66%
Smoak Felicity
59%
Gardner Guy
55%
Fox Lucius
52%
Ramon Cisco
48%
Crane Jonathan
48%
Langstrom Kirk
45%
Lang Lana
38%
No matching quizzes found
Score Distribution
Percent of People with Each Score
Percentile by Number Answered
Your Score History
You have not taken this quiz since the last reset